El marxismo invade la iglesia

Saved in:
Bibliographic Details
Main Author: Poradowski Bienecka, Miguel (Author)
Format: Book
Language:Spanish
Published: Valparaíso Universitaria 1974
Subjects:
Tags: Add Tag
No Tags, Be the first to tag this record!

MARC

LEADER 00000nam a2200000 a 4500
001 UCV0937
003 CL-VaPUC
008 890726e19740000CL |||||||||||||||||spa|d
082 0 4 |a 261.7  |b POR  |2 21 
100 0 |a Poradowski Bienecka, Miguel  |e author  |9 295264 
245 1 3 |a El marxismo invade la iglesia 
300 |a 99 p 
942 |c BK 
945 |d 19890726 00:00:00 
260 |a Valparaíso  |b Universitaria  |c 1974 
650 7 |a COMUNISMO E IGLESIA CATOLICA  |2 CL-VaPUC  |9 255795 
650 0 |a Iglesia católica y problemas sociales   |9 255796 
583 |a last modification  |c 20140410 11:31:03  |k Rodrigo Vera 
999 |c 209103  |d 209101 
952 |0 0  |1 0  |4 0  |6 261_700000000000000_POR_1974  |7 0  |8 A  |9 184276  |a BIBGIM  |b BIBGIM  |d 2019-11-14  |i 2514362  |o 261.7 POR 1974  |p 2514362  |r 2025-01-15  |w 2019-11-14  |y BK  |k SSL 
952 |0 0  |1 0  |4 0  |6 261_700000000000000_POR_1974  |7 0  |8 A  |9 184277  |a BIBDER  |b BIBDER  |d 2019-11-14  |i 2514370  |o 261.7 POR 1974  |p 2514370  |r 2023-01-25  |w 2019-11-14  |y BK  |k DER 
952 |0 0  |1 0  |4 0  |6 261_700000000000000_POR_1974  |7 0  |8 A  |9 184278  |a BIBTEO  |b BIBTEO  |d 2019-11-14  |i 2094568  |o 261.7 POR 1974  |p 2094568  |r 2025-01-17  |w 2019-11-14  |y BK  |k ICR 
952 |0 0  |1 0  |4 0  |6 261_700000000000000_POR_1974  |7 0  |8 A  |9 184279  |a BIBTEO  |b BIBTEO  |d 2019-11-14  |i 2094576  |o 261.7 POR 1974  |p 2094576  |r 2025-01-17  |w 2019-11-14  |y BK  |k ICR 
952 |0 0  |1 0  |4 0  |6 261_700000000000000_POR_1974  |7 0  |8 A  |9 184280  |a BIBTEO  |b BIBTEO  |d 2019-11-14  |i 2094584  |o 261.7 POR 1974  |p 2094584  |r 2025-01-17  |w 2019-11-14  |y BK  |k ICR 
952 |0 0  |1 0  |4 0  |6 261_700000000000000_POR_1974  |7 0  |8 X  |9 184281  |a FDOBUD  |b FDOBUD  |d 2019-11-14  |i 4558340  |o 261.7 POR 1974  |p 4558340  |r 2019-11-14  |w 2019-11-14  |y BK_X  |k BUD